Utilización del microcomputador en la educación
Gespeichert in:
| Hauptverfasser: | , |
|---|---|
| Format: | Buch |
| Sprache: | Spanisch |
| Veröffentlicht: |
Valparaíso
Universidad Católica de Valparaíso
1996
|
| Schlagworte: | |
| Tags: |
Tag hinzufügen
Keine Tags, Fügen Sie den ersten Tag hinzu!
|
MARC
| LEADER | 00000nam a2200000 a 4500 | ||
|---|---|---|---|
| 001 | UCS7992 | ||
| 003 | CL-VaPUC | ||
| 008 | 971024e19960000CL |||||||||||||||||spa|d | ||
| 082 | 0 | 4 | |a 371.334 |b GOM |2 21 |
| 100 | |a Gómez Ríos, Francisca Amelia |e autora |9 392962 | ||
| 700 | 0 | |a Mújica Appiani, Evelyn |e author |9 392963 | |
| 245 | 1 | 0 | |a Utilización del microcomputador en la educación |
| 300 | |a 210 p | ||
| 942 | |c BK | ||
| 945 | |d 19971024 00:00:00 |a jquezada | ||
| 260 | |a Valparaíso |b Universidad Católica de Valparaíso |c 1996 | ||
| 650 | 7 | |a PROYECTO EDUCATIVO |2 CL-VaPUC |9 388027 | |
| 650 | 7 | |a ENSEÑANZA CON AYUDA DE COMPUTADORES |2 CL-VaPUC |9 262450 | |
| 650 | 0 | |a Computadores |9 258188 | |
| 650 | 0 | |a Métodos de enseñanza |9 270413 | |
| 650 | 0 | |a Planificación de la educación |9 307333 | |
| 583 | |a last modification |c 20121108 09:08:37 |k Rodrigo Vera | ||
| 999 | |c 262702 |d 262700 | ||
| 952 | |0 0 |1 0 |4 0 |6 371_334000000000000_GOM_1996 |7 0 |8 P |9 291527 |a BIBEDU |b BIBEDU |c BIBEDU_PB |d 2019-11-19 |i 3288293 |o 371.334 GOM 1996 |p 3288293 |r 2024-01-25 |w 2019-11-19 |y BK |k EDU | ||